000 00908nam a22002897a 4500
001 BR8108723
003 BR-BrBNA
005 20230928091207.0
007 ta
008 230509b bl.||||| |||| 00| 0 por d
040 _aBR-BrBNA
_bpor
_cBiblioteca Nacional de Agricultura
041 _a(Por)
072 _aC20; C30; E14
_b/G514
090 _ C20 BR8108723
100 1 _aAraujo, J.G.F.
110 1 _aUniversidade Federal de Vicosa, MG (Brasil). Centro de Ensino de Extensao
_910968
245 1 _aUm centro de Informacao Agricola. Projeto 2 - Metodologia para difusao de inovacoes tecnologicas [Brasil]
260 3 _aVicosa, MG (Brasil):
_c[nd].
300 _a8 p.
500 _a7 ref.; Published 1980?
650 _aPESQUISA AGRICOLA
650 _aEXTENSAO RURAL
650 _aSISTEMA DE INFORMACAO
650 _aDIFUSAO DE TECNOLOGIA
909 _a202309
_bLucia
_c55
_dLucia Elande
942 _cBK
999 _c32755
_d32755